Muy bien, Fergus! / (Record no. 17264)

MARC details
000 -LEADER
fixed length control field 01171nam a2200361Ia 4500
001 - CONTROL NUMBER
control field sjds326901
003 - CONTROL NUMBER IDENTIFIER
control field sjds
005 - DATE AND TIME OF LATEST TRANSACTION
control field 20170424145407.0
008 - FIXED-LENGTH DATA ELEMENTS--GENERAL INFORMATION
fixed length control field 060925s2006 nyua j 000 1 spa d
020 ## - INTERNATIONAL STANDARD BOOK NUMBER
International Standard Book Number 0439802946
020 ## - INTERNATIONAL STANDARD BOOK NUMBER
International Standard Book Number 9780439802949 (pbk.)
020 ## - INTERNATIONAL STANDARD BOOK NUMBER
International Standard Book Number 0439802946 (pbk.)
Terms of availability $3.99
035 ## - SYSTEM CONTROL NUMBER
System control number (OCoLC)71677821
040 ## - CATALOGING SOURCE
Original cataloging agency GK8
Transcribing agency GK8
Modifying agency BAKER
-- OCLCQ
-- GK8
-- JED
-- UtOrBLW
041 1# - LANGUAGE CODE
Language code of text/sound track or separate title spa
Language code of original eng
049 ## - LOCAL HOLDINGS (OCLC)
Holding library IFAA
099 ## - LOCAL FREE-TEXT CALL NUMBER (OCLC)
Filing suffix 2006
999 ## - SYSTEM CONTROL NUMBERS (KOHA)
Koha Dewey Subclass [OBSOLETE] ESPANOL PICTURE BOOKS SHANNON 2006
100 1# - MAIN ENTRY--PERSONAL NAME
Personal name Shannon, David,
Dates associated with a name 1959-
Relator term author.
240 10 - UNIFORM TITLE
Uniform title <a href="Good boy, Fergus!">Good boy, Fergus!</a>
Language of a work Spanish
245 10 - TITLE STATEMENT
Title Muy bien, Fergus! /
Statement of responsibility, etc. David Shannon.
260 ## - PUBLICATION, DISTRIBUTION, ETC. (IMPRINT)
Place of publication, distribution, etc. New York :
Name of publisher, distributor, etc. Scholastic Inc.,
Date of publication, distribution, etc. 2006.
264 #1 - PRODUCTION, PUBLICATION, DISTRIBUTION, MANUFACTURE, AND COPYRIGHT NOTICE
Place of production, publication, distribution, manufacture New York :
Name of producer, publisher, distributor, manufacturer Scholastic Inc.,
Date of production, publication, distribution, manufacture, or copyright notice 2006.
300 ## - PHYSICAL DESCRIPTION
Extent 1 volume (unpaged) :
Other physical details color illustrations ;
Dimensions 28 cm
336 ## - CONTENT TYPE
Content type term text
Content type code txt
Source rdacontent
337 ## - MEDIA TYPE
Media type term unmediated
Media type code n
Source rdamedia
338 ## - CARRIER TYPE
Carrier type term volume
Carrier type code nc
Source rdacarrier
500 ## - GENERAL NOTE
General note "Scholastic en español"--Cover.
520 ## - SUMMARY, ETC.
Summary, etc. A colorful and beautifully illustrated picture book about a dog named Fergus.
650 #0 - SUBJECT ADDED ENTRY--TOPICAL TERM
Topical term or geographic name as entry element Dogs
Form subdivision Juvenile fiction.
650 #7 - SUBJECT ADDED ENTRY--TOPICAL TERM
Topical term or geographic name as entry element Perros
Form subdivision Novela juvenil.
Source of heading or term bidex
942 ## - ADDED ENTRY ELEMENTS (KOHA)
Koha item type Libro/Book
Holdings
Withdrawn status Lost status Damaged status Not for loan Home library Current library Date acquired Inventory number Total Checkouts Full call number Barcode Date last seen Price effective from Koha item type Source of classification or shelving scheme Shelving location Checked out Date checked out
        Azul y Blanco -- Satellite Azul y Blanco -- Satellite 14/05/2019 inventory date: 22-1-25   JI 35200233 14/05/2019 14/05/2019 Libro/Book        
        San Juan Del Sur -- Mobile Cardenas 11/03/2020   1   33014778 25/02/2021 11/03/2020 Libro/Book Dewey Decimal Classification Children's Area 01/04/2021 25/02/2021

Powered by Koha